A narrative of proceeding in Venezuela, in South America, in the years 1819 and 1820; with general observations on the country and people; the character of the republican Government, andits leading members, &c. Also a description of the country of caracas; of the force of general Morillo; the state of the royalist; and the spirit of the people under their jurisdiction
Furkejuvvon:
| Váldodahkki: | |
|---|---|
| Materiálatiipa: | Girji |
| Giella: | eaŋgalasgiella |
| Almmustuhtton: |
Londres
Printed for John and Arthur Arch, Cornhill
1820
|
| Preanttus: | 1a. ed |
| Fáttát: | |
| Fáddágilkorat: |
Lasit fáddágilkoriid
Eai fáddágilkorat, Lasit vuosttaš fáddágilkora!
|
MARC
| LEADER | 00000nam a2200000 a 4500 | ||
|---|---|---|---|
| 001 | UCJ6103 | ||
| 003 | CL-VaPUC | ||
| 008 | 070124e18200000UK |||||||||||||||||eng|d | ||
| 082 | 0 | 4 | |a 987 |b CHE |2 21 |
| 100 | 0 | |a Chesterton, George Laval |e author |9 512329 | |
| 245 | 1 | 2 | |a A narrative of proceeding in Venezuela, in South America, in the years 1819 and 1820; with general observations on the country and people; the character of the republican Government, andits leading members, &c. Also a description of the country of caracas; of the force of general Morillo; the state of the royalist; and the spirit of the people under their jurisdiction |
| 250 | |a 1a. ed | ||
| 300 | |a x, 257 p | ||
| 942 | |c BK | ||
| 945 | |d 20070124 00:00:00 |a rinostro | ||
| 260 | |a Londres |b Printed for John and Arthur Arch, Cornhill |c 1820 | ||
| 500 | |a 8§.-Port.: v.: (bajo filete) J. M. Creery, Tooks-Court, Chancery-Lane, London.- Advierte errata | ||
| 600 | 0 | |a Bolívar, Simón |d 1783-1830 |9 265422 | |
| 600 | 0 | |a Cochrane, Thomas Alexander |9 438892 | |
| 650 | 0 | |a Independencia |9 344246 | |
| 650 | 0 | |a Población |9 257577 | |
| 650 | 0 | |a Desarrollo cultural |9 267526 | |
| 651 | 0 | |a Venezuela |9 254993 | |
| 583 | |a last modification |c 20130719 05:44:45 |k Rodrigo Vera | ||
| 999 | |c 322211 |d 322209 | ||
| 952 | |0 0 |1 0 |4 0 |6 987_000000000000000_CHE_1820 |7 0 |8 X |9 401144 |a FDOBUD |b FDOBUD |d 2019-11-22 |i 1043730 |o 987 CHE 1820 |p 1043730 |r 2019-11-22 |w 2019-11-22 |y BK_X |k BUD | ||